[Event "Arco op-B 39th"]
[Site "Arco"]
[Date "2017.10.15"]
[Round "8"]
[White "Marzano, Giovanni"]
[Black "Casella, Carlo"]
[Result "1/2-1/2"]
[WhiteElo "1495"]
[BlackElo "1573"]
[PlyCount "50"]
[EventDate "2017.10.08"]
[EventType "swiss"]
[EventRounds "8"]
[EventCountry "ITA"]
[SourceTitle "CBM 181 Extra"]
[Source "ChessBase"]
[SourceDate "2017.12.12"]
[SourceVersion "1"]
[SourceVersionDate "2017.12.12"]
[SourceQuality "1"]

1. d4 d5 2. Nf3 e6 3. e3 c5 4. c4 Nf6 5. Nc3 Nc6 6. Be2 cxd4 7. Nxd4 Bd7 8. 0-0 Be7 9. a3 0-0 10. Qc2 dxc4 11. Bxc4 Nxd4 12. exd4 Rc8 13. Ba2 b5 14. Qb3 a6 15. d5 exd5 16. Nxd5 Be6 17. Nxe7+ Qxe7 18. Qf3 Bxa2 19. Rxa2 Qe6 20. Ra1 Qg4 21. Qb7 Ra8 22. Be3 Rfb8 23. Qe7 Re8 24. Qb7 Reb8 25. Qe7 Re8 1/2-1/2

[Event "Arco op-B 39th"]
[Site "Arco"]
[Date "2017.10.13"]
[Round "6"]
[White "Marzano, Giovanni"]
[Black "Benini, Gabriele"]
[Result "1-0"]
[WhiteElo "1495"]
[BlackElo "1397"]
[PlyCount "135"]
[EventDate "2017.10.08"]
[EventType "swiss"]
[EventRounds "8"]
[EventCountry "ITA"]
[SourceTitle "CBM 181 Extra"]
[Source "ChessBase"]
[SourceDate "2017.12.12"]
[SourceVersion "1"]
[SourceVersionDate "2017.12.12"]
[SourceQuality "1"]

1. d4 d5 2. Nf3 Nf6 3. e3 a6 4. c4 Nc6 5. Nc3 Bf5 6. Qb3 Na5 7. Qa4+ Nc6 8. Ne5 Bd7 9. Nxd7 Qxd7 10. Bd3 dxc4 11. Bxc4 e6 12. 0-0 Be7 13. Bd3 0-0 14. Bd2 Bd6 15. Rac1 b5 16. Qc2 Nb4 17. Qb1 Nxd3 18. Qxd3 c5 19. d5 exd5 20. Nxd5 Nxd5 21. Rfd1 Rad8 22. Ba5 Nb4 23. Qe2 Nxa2 24. Ra1 Nb4 25. Bxd8 Rxd8 26. g3 h6 27. Rd2 c4 28. Rad1 Qc7 29. Qg4 Nc6 30. e4 Ne5 31. Qe2 a5 32. b3 cxb3 33. Qxb5 Nf3+ 34. Kg2 Nxd2 35. Rxd2 b2 36. Qxb2 Rb8 37. Qa2 Qe7 38. f3 h5 39. Rd5 Be5 40. Qxa5 Rb2+ 41. Kf1 Rb1+ 42. Kf2 Rb2+ 43. Kf1 f6 44. f4 Bc7 45. Qa8+ Rb8 46. Qa2 Rd8 47. Rxd8+ Kh7 48. Rd5 Qxe4 49. Rxh5+ Kg6 50. Qd5 Qb1+ 51. Ke2 Qc2+ 52. Kf3 Qc3+ 53. Kg4 Qb4 54. Qf5+ Kf7 55. Qd7+ Kg8 56. Qe8+ Qf8 57. Rh8+ Kxh8 58. Qxf8+ Kh7 59. Qe8 Bb6 60. h4 Bf2 61. h5 f5+ 62. Kxf5 Bxg3 63. Qg6+ Kh8 64. Qxg3 Kg8 65. Ke6 Kh8 66. f5 Kh7 67. Kf7 Kh6 68. Qg6# 1-0